| 000 | 01677nam0a22003851 4500 | ||
|---|---|---|---|
| 001 | rc\4691524 | ||
| 005 | 20250612153842.0 | ||
| 021 |
_aRU _b[67-76051] |
||
| 035 | _a(NLR Aleph) 008713676 | ||
| 090 |
_a9374217 _c9374217 |
||
| 100 | _a20130416d1967 |||y0rusy50 ca | ||
| 101 | 1 |
_arus _ceng |
|
| 102 | _aRU | ||
| 105 | _aa z ||||| | ||
| 200 | 1 |
_aПрирода метаморфизма _e[Пер. с англ. _fПод ред. У.С. Питчера и Г.У. Флинна _gПод ред. и с предисл. д-ра геол.-минерал. наук В.П. Петрова] |
|
| 210 |
_aМосква _cМир _d1967 |
||
| 215 |
_a376 с., 3 л. ил. _cил. _d27 |
||
| 225 | 1 |
_aНауки о Земле _eФундаментальные труды зарубежных ученых по геологии, геофизике и геохимии _v[Т. 2] |
|
| 300 | _aНа тит. л.: Controls of metamorphism | ||
| 300 | _aАвт. глав: У.С. Питчер, Дж. Саттон, Д. Флинн и др. | ||
| 320 | _aВспом. указатели: с. 366-375 | ||
| 320 | _aБиблиогр. в конце глав | ||
| 517 | 0 | _aControls of metamorphism | |
| 606 |
_aМетаморфизм _2psbo |
||
| 701 | 1 |
_aФлинн _bД. |
|
| 701 | 1 |
_aПитчер _bУ.С. _4340 |
|
| 701 | 1 |
_aСаттон _bДж. |
|
| 702 | 1 |
_4340 _4080 _7ca _8rus _aПетров _bВ. П. _cд-р геол.-минерал. наук _f1908-1993 _gВалерий Петрович _9254951 _3RU\NLR\AUTH\770255007 |
|
| 702 | 1 |
_aФлинн _bГ.У. _4340 |
|
| 801 | 0 |
_aRU _bNLR _gpsbo |
|
| 801 | 1 |
_aRU _bELAR _2rusmarc |
|
| 852 |
_aNLR _j67-7/1900 |
||
| 942 | _cBOOK | ||
| 980 | _aNB | ||